[Event "DVM U12 2024"]
[Site "Heidelberg GER"]
[Date "2024.12.27"]
[Round "1"]
[White "Martin Fernandez, Félix"]
[Black "Engelhaupt, Henry"]
[Result "0-1"]
[Termination "normal"]
[Board "4.2"]
[WhiteElo "1624"]
[BlackElo "1905"]
[WhiteClock "00:21:12"]
[BlackClock "00:54:31"]
[WhiteTeam "SC Erlangen 48/88"]
[BlackTeam "SV Werder Bremen"]
[PlyCount "156"]
[WhiteFideId "34605622"]
[BlackFideId "34644814"]
[EventCountry "GER"]
[EventRounds "7"]
[EventType "team-swiss"]
[EventDate "2024.12.26"]

1. d4 {[%clk 01:30:58]} {[%emt 00:00:02]} d5 {[%clk 01:30:56]} {[%emt
00:00:05]} 2. c4 {[%clk 01:31:18]} {[%emt 00:00:09]} e6 {[%clk 01:31:19]}
{[%emt 00:00:07]} 3. Nf3 {[%clk 01:31:37]} {[%emt 00:00:11]} Nf6 {[%clk
01:31:40]} {[%emt 00:00:08]} 4. g3 {[%clk 01:32:00]} {[%emt 00:00:08]} Be7
{[%clk 01:32:01]} {[%emt 00:00:09]} 5. Bg2 {[%clk 01:32:22]} {[%emt 00:00:09]}
c6 {[%clk 01:32:14]} {[%emt 00:00:16]} 6. O-O {[%clk 01:30:28]} {[%emt
00:02:24]} O-O {[%clk 01:32:18]} {[%emt 00:00:26]} 7. Nbd2 {[%clk 01:28:36]}
{[%emt 00:02:22]} Nbd7 {[%clk 01:30:39]} {[%emt 00:02:09]} 8. Qc2 {[%clk
01:25:34]} {[%emt 00:03:31]} Re8 {[%clk 01:24:54]} {[%emt 00:06:15]} 9. e4
{[%clk 01:22:23]} {[%emt 00:03:42]} dxe4 {[%clk 01:24:11]} {[%emt 00:01:13]}
10. Nxe4 {[%clk 01:22:42]} {[%emt 00:00:11]} Nxe4 {[%clk 01:23:49]} {[%emt
00:00:52]} 11. Qxe4 {[%clk 01:23:08]} {[%emt 00:00:04]} c5 {[%clk 01:24:11]}
{[%emt 00:00:09]} 12. d5 {[%clk 01:11:51]} {[%emt 00:11:47]} Nf6 {[%clk
01:23:04]} {[%emt 00:01:32]} 13. Qc2 {[%clk 01:01:44]} {[%emt 00:10:41]} exd5
{[%clk 01:22:08]} {[%emt 00:01:26]} 14. cxd5 {[%clk 01:02:07]} {[%emt
00:00:06]} Qxd5 {[%clk 01:20:36]} {[%emt 00:02:01]} 15. Ng5 {[%clk 00:59:26]}
{[%emt 00:03:12]} Qd8 {[%clk 01:17:21]} {[%emt 00:03:44]} 16. Qc4 {[%clk
00:58:01]} {[%emt 00:01:56]} Rf8 {[%clk 01:16:50]} {[%emt 00:01:01]} 17. Be3
{[%emt 00:06:07]} Qb6 {[%clk 01:14:43]} {[%emt 00:02:16]} 18. Rab1 {[%clk
00:44:02]} {[%emt 00:09:14]} h6 {[%clk 01:13:38]} {[%emt 00:01:30]} 19. Nf3
{[%clk 00:40:02]} {[%emt 00:04:36]} Be6 {[%clk 01:13:29]} {[%emt 00:00:33]} 20.
Qa4 {[%clk 00:38:08]} {[%emt 00:02:28]} Nd5 {[%clk 01:08:55]} {[%emt 00:05:05]}
21. Bd2 {[%clk 00:36:36]} {[%emt 00:02:01]} Qc7 {[%clk 01:08:07]} {[%emt
00:01:14]} 22. Rbc1 {[%clk 00:33:36]} {[%emt 00:03:35]} Qd6 {[%clk 01:02:16]}
{[%emt 00:06:21]} 23. Rfd1 {[%clk 00:32:02]} {[%emt 00:02:04]} Rfd8 {[%clk
00:59:48]} {[%emt 00:02:55]} 24. Bf4 {[%clk 00:32:06]} {[%emt 00:00:28]} Qb6
{[%clk 00:59:23]} {[%emt 00:00:49]} 25. Bd2 {[%clk 00:26:33]} {[%emt 00:06:11]}
Nb4 {[%clk 00:56:41]} {[%emt 00:03:08]} 26. b3 {[%clk 00:19:25]} {[%emt
00:07:41]} a5 {[%clk 00:52:20]} {[%emt 00:04:48]} 27. Ne5 {[%clk 00:15:46]}
{[%emt 00:04:12]} Bf6 {[%clk 00:51:01]} {[%emt 00:01:48]} 28. Nc4 {[%clk
00:13:38]} {[%emt 00:02:39]} Bxc4 {[%clk 00:50:59]} {[%emt 00:00:32]} 29. bxc4
{[%clk 00:13:10]} {[%emt 00:00:57]} Qa7 {[%clk 00:43:36]} {[%emt 00:07:49]} 30.
a3 {[%clk 00:11:07]} {[%emt 00:02:37]} Nd3 {[%clk 00:43:27]} {[%emt 00:00:28]}
31. Rb1 {[%clk 00:10:13]} {[%emt 00:01:36]} Nb2 {[%clk 00:43:19]} {[%emt
00:00:38]} 32. Qb3 {[%clk 00:09:19]} {[%emt 00:01:24]} Nxd1 {[%clk 00:43:35]}
{[%emt 00:00:14]} 33. Rxd1 {[%clk 00:09:33]} {[%emt 00:00:14]} Rab8 {[%clk
00:43:38]} {[%emt 00:00:28]} 34. Be3 {[%clk 00:08:40]} {[%emt 00:01:24]} Rxd1+
{[%clk 00:43:35]} {[%emt 00:00:32]} 35. Qxd1 {[%clk 00:09:02]} {[%emt
00:00:07]} b6 {[%clk 00:43:30]} {[%emt 00:00:36]} 36. Qf3 {[%clk 00:08:41]}
{[%emt 00:00:52]} Qe7 {[%clk 00:40:35]} {[%emt 00:03:22]} 37. Bf4 {[%clk
00:08:52]} {[%emt 00:00:21]} Rd8 {[%clk 00:39:25]} {[%emt 00:01:33]} 38. h4
{[%clk 00:08:41]} {[%emt 00:00:48]} Qe6 {[%clk 00:37:43]} {[%emt 00:02:07]} 39.
Qb3 {[%clk 00:08:02]} {[%emt 00:01:15]} Rd4 {[%clk 00:36:13]} {[%emt 00:01:58]}
40. Bd5 {[%clk 00:07:50]} {[%emt 00:00:42]} Qe1+ {[%clk 00:36:03]} {[%emt
00:00:40]} 41. Kg2 {[%clk 00:08:06]} {[%emt 00:00:15]} Rd1 {[%clk 00:34:40]}
{[%emt 00:01:50]} 42. Kf3 {[%clk 00:07:30]} {[%emt 00:01:10]} Rb1 {[%clk
00:34:09]} {[%emt 00:00:58]} 43. Qa4 {[%clk 00:05:39]} {[%emt 00:02:25]} Qd1+
{[%clk 00:34:17]} {[%emt 00:00:19]} 44. Qxd1 {[%clk 00:06:00]} {[%emt
00:00:11]} Rxd1 {[%clk 00:34:37]} {[%emt 00:00:10]} 45. a4 {[%emt 00:01:35]}
Bd8 {[%clk 00:33:47]} 46. Ke2 {[%clk 00:04:28]} {[%emt 00:02:16]} Ra1 {[%clk
00:34:02]} {[%emt 00:00:14]} 47. Bc6 {[%clk 00:04:52]} {[%emt 00:00:07]} Ra2+
{[%clk 00:34:12]} {[%emt 00:00:19]} 48. Kf3 {[%clk 00:04:19]} {[%emt 00:01:03]}
g5 {[%clk 00:34:18]} {[%emt 00:00:24]} 49. hxg5 {[%clk 00:04:40]} {[%emt
00:00:10]} hxg5 {[%clk 00:34:42]} {[%emt 00:00:06]} 50. Be3 {[%clk 00:05:04]}
{[%emt 00:00:05]} Bc7 {[%clk 00:34:53]} {[%emt 00:00:19]} 51. Bxg5 {[%clk
00:03:00]} {[%emt 00:02:35]} Kg7 {[%clk 00:35:13]} {[%emt 00:00:09]} 52. Be3
{[%clk 00:02:26]} {[%emt 00:01:04]} Kf6 {[%clk 00:35:06]} {[%emt 00:00:34]} 53.
Ke4 {[%clk 00:01:00]} {[%emt 00:02:00]} Re2 {[%clk 00:35:04]} {[%emt 00:00:30]}
54. Kd3 {[%clk 00:30:13]} {[%emt 00:01:18]} Ra2 {[%clk 01:04:33]} {[%emt
00:01:01]} 55. Ke4 {[%clk 00:30:09]} {[%emt 00:00:34]} Ra3 {[%emt 00:03:06]}
56. Bb5 {[%clk 00:28:42]} {[%emt 00:02:01]} Ke6 {[%clk 01:01:59]} {[%emt
00:00:21]} 57. Bc6 {[%clk 00:25:51]} {[%emt 00:03:24]} f5+ {[%clk 01:02:04]}
{[%emt 00:00:25]} 58. Kf3 {[%clk 00:26:11]} {[%emt 00:00:10]} Ke5 {[%clk
01:01:14]} {[%emt 00:01:20]} 59. Ke2 {[%clk 00:24:57]} {[%emt 00:01:45]} Bd8
{[%clk 01:01:19]} {[%emt 00:00:13]} 60. f4+ {[%clk 00:24:25]} {[%emt 00:01:13]}
Kd6 {[%clk 01:01:04]} {[%emt 00:00:41]} 61. Bb5 {[%clk 00:24:10]} {[%emt
00:00:49]} Bf6 {[%clk 01:00:29]} {[%emt 00:01:01]} 62. Bf2 {[%clk 00:21:23]}
{[%emt 00:03:22]} Bd4 {[%clk 00:58:09]} {[%emt 00:02:47]} 63. Be1 {[%clk
00:20:30]} {[%emt 00:01:26]} Ke6 {[%clk 00:55:12]} {[%emt 00:03:26]} 64. Kf1
{[%clk 00:18:59]} {[%emt 00:02:02]} Ra2 {[%clk 00:55:06]} {[%emt 00:00:33]} 65.
Bc6 {[%clk 00:18:28]} {[%emt 00:01:03]} Kf6 {[%clk 00:55:09]} {[%emt 00:00:23]}
66. Bd7 {[%clk 00:18:07]} {[%emt 00:00:54]} Rc2 {[%clk 00:55:21]} {[%emt
00:00:17]} 67. Bb5 {[%clk 00:18:23]} {[%emt 00:00:14]} Kg6 {[%clk 00:55:38]}
{[%emt 00:00:12]} 68. Be8+ {[%clk 00:18:50]} {[%emt 00:00:04]} Kh6 {[%clk
00:53:26]} {[%emt 00:02:42]} 69. Bf7 {[%clk 00:19:17]} {[%emt 00:00:03]} Kg7
{[%clk 00:53:37]} {[%emt 00:00:19]} 70. Bd5 {[%clk 00:19:39]} {[%emt 00:00:07]}
Kf6 {[%clk 00:53:14]} {[%emt 00:00:50]} 71. Bg8 {[%clk 00:19:47]} {[%emt
00:00:26]} Ra2 {[%clk 00:53:31]} {[%emt 00:00:14]} 72. Bd5 {[%clk 00:19:50]}
{[%emt 00:00:26]} Rxa4 {[%clk 00:53:51]} {[%emt 00:00:10]} 73. Ke2 {[%clk
00:20:12]} {[%emt 00:00:07]} Ra3 {[%clk 00:54:10]} {[%emt 00:00:11]} 74. g4
{[%clk 00:19:58]} {[%emt 00:00:45]} fxg4 {[%clk 00:54:11]} {[%emt 00:00:30]}
75. Bh4+ {[%clk 00:20:24]} {[%emt 00:00:04]} Kf5 {[%clk 00:54:35]} {[%emt
00:00:06]} 76. Bg5 {[%clk 00:20:33]} {[%emt 00:00:20]} Be3 {[%clk 00:54:25]}
{[%emt 00:00:37]} 77. Bc6 {[%clk 00:20:45]} {[%emt 00:00:22]} Bxf4 {[%clk
00:54:31]} {[%emt 00:00:23]} 78. Bxf4 {[%clk 00:21:12]} {[%emt 00:00:04]} Kxf4
{[%emt 00:01:03]} 0-1

[Event "DVM U12 2024"]
[Site "Heidelberg GER"]
[Date "2024.12.27"]
[Round "1"]
[White "Grabowski, Joshua"]
[Black "Satti, Shahroz"]
[Result "1-0"]
[Termination "normal"]
[Board "4.3"]
[WhiteElo "1745"]
[BlackElo "1525"]
[WhiteClock "00:07:46"]
[BlackClock "00:45:34"]
[WhiteTeam "SV Werder Bremen"]
[BlackTeam "SC Erlangen 48/88"]
[PlyCount "105"]
[WhiteFideId "34678344"]
[BlackFideId "34665331"]
[EventCountry "GER"]
[EventRounds "7"]
[EventType "team-swiss"]
[EventDate "2024.12.26"]

1. Nf3 {[%clk 01:30:58]} {[%emt 00:00:02]} c5 {[%clk 01:30:41]} {[%emt
00:00:19]} 2. e3 {[%clk 01:30:50]} {[%emt 00:00:38]} Nc6 {[%clk 01:31:00]}
{[%emt 00:00:12]} 3. d4 {[%clk 01:30:30]} {[%emt 00:00:50]} cxd4 {[%clk
01:31:00]} {[%emt 00:00:29]} 4. exd4 {[%clk 01:30:46]} {[%emt 00:00:14]} d5
{[%clk 01:30:53]} {[%emt 00:00:36]} 5. Be2 {[%clk 01:24:21]} {[%emt 00:06:56]}
g6 {[%clk 01:30:04]} {[%emt 00:01:18]} 6. O-O {[%clk 01:16:27]} {[%emt
00:08:24]} Bg7 {[%clk 01:29:41]} {[%emt 00:00:53]} 7. Bf4 {[%clk 01:08:00]}
{[%emt 00:08:58]} Qb6 {[%clk 01:28:22]} {[%emt 00:01:49]} 8. Nc3 {[%clk
01:05:03]} {[%emt 00:03:27]} Be6 {[%clk 01:24:07]} {[%emt 00:04:45]} 9. Na4
{[%clk 01:01:06]} {[%emt 00:04:28]} Qd8 {[%clk 01:22:39]} {[%emt 00:01:55]} 10.
Nc5 {[%clk 00:59:24]} {[%emt 00:02:14]} Qc8 {[%clk 01:21:35]} {[%emt 00:01:35]}
11. Bb5 {[%clk 00:53:15]} {[%emt 00:06:39]} a6 {[%clk 01:19:32]} {[%emt
00:02:33]} 12. Bxc6+ {[%clk 00:52:20]} {[%emt 00:01:25]} Qxc6 {[%clk 01:19:23]}
{[%emt 00:00:39]} 13. Ng5 {[%clk 00:49:57]} {[%emt 00:02:52]} Bf5 {[%emt
00:05:26]} 14. g4 {[%clk 00:47:48]} Bd7 {[%clk 01:14:46]} {[%emt 00:02:46]} 15.
Nxd7 {[%clk 00:40:36]} {[%emt 00:07:47]} Qxd7 {[%clk 01:15:01]} {[%emt
00:00:15]} 16. Qf3 {[%clk 00:27:01]} {[%emt 00:14:05]} h6 {[%clk 01:13:53]}
{[%emt 00:01:37]} 17. Nh3 {[%clk 00:24:20]} {[%emt 00:03:11]} Nf6 {[%clk
01:12:57]} {[%emt 00:01:26]} 18. Be5 {[%clk 00:22:27]} {[%emt 00:02:23]} g5
{[%clk 01:12:46]} {[%emt 00:00:41]} 19. Rfe1 {[%clk 00:21:49]} {[%emt
00:01:08]} O-O {[%clk 01:12:29]} {[%emt 00:00:47]} 20. Bxf6 {[%clk 00:19:52]}
{[%emt 00:02:27]} Bxf6 {[%clk 01:12:18]} {[%emt 00:00:41]} 21. c3 {[%clk
00:16:49]} {[%emt 00:03:34]} Rfe8 {[%clk 01:12:16]} {[%emt 00:00:31]} 22. Kh1
{[%clk 00:16:11]} {[%emt 00:01:07]} Bg7 {[%clk 01:10:15]} {[%emt 00:02:31]} 23.
Rad1 {[%clk 00:14:53]} {[%emt 00:01:49]} Rad8 {[%clk 01:09:54]} {[%emt
00:00:51]} 24. Qg3 {[%clk 00:13:49]} {[%emt 00:01:32]} f6 {[%clk 01:08:49]}
{[%emt 00:01:37]} 25. f4 {[%clk 00:13:16]} {[%emt 00:01:04]} Qc7 {[%clk
01:03:53]} {[%emt 00:05:26]} 26. Re6 {[%clk 00:09:46]} {[%emt 00:04:00]} Kf8
{[%clk 00:55:49]} {[%emt 00:08:35]} 27. Qf3 {[%clk 00:08:43]} {[%emt 00:01:33]}
Kg8 {[%clk 00:54:55]} {[%emt 00:01:23]} 28. f5 {[%clk 00:08:00]} {[%emt
00:01:14]} Rd6 {[%clk 00:54:19]} {[%emt 00:01:06]} 29. Qe2 {[%clk 00:06:32]}
{[%emt 00:01:57]} Qd7 {[%clk 00:52:52]} {[%emt 00:01:57]} 30. Re1 {[%clk
00:06:15]} {[%emt 00:00:48]} Kf7 {[%clk 00:52:03]} {[%emt 00:01:19]} 31. Nf2
{[%clk 00:05:52]} {[%emt 00:00:52]} Bf8 {[%clk 00:51:53]} {[%emt 00:00:40]} 32.
Nd3 {[%clk 00:05:24]} {[%emt 00:00:58]} b6 {[%clk 00:51:18]} {[%emt 00:01:06]}
33. Rxd6 {[%clk 00:04:42]} {[%emt 00:01:12]} exd6 {[%clk 00:50:42]} {[%emt
00:01:05]} 34. Qxe8+ {[%clk 00:04:52]} {[%emt 00:00:18]} Qxe8 {[%clk 00:50:57]}
{[%emt 00:00:16]} 35. Rxe8 {[%clk 00:05:18]} {[%emt 00:00:04]} Kxe8 {[%clk
00:51:25]} {[%emt 00:00:02]} 36. Nb4 {[%clk 00:05:14]} {[%emt 00:00:34]} Bg7
{[%clk 00:47:46]} {[%emt 00:04:08]} 37. Nxa6 {[%clk 00:05:05]} {[%emt
00:00:40]} Kd7 {[%clk 00:47:46]} {[%emt 00:00:30]} 38. Nb4 {[%clk 00:05:01]}
{[%emt 00:00:33]} Kc7 {[%clk 00:46:47]} {[%emt 00:01:29]} 39. Kg2 {[%clk
00:05:18]} {[%emt 00:00:13]} b5 {[%clk 00:45:51]} {[%emt 00:01:26]} 40. Kf3
{[%clk 00:05:28]} {[%emt 00:00:20]} Kb6 {[%clk 00:45:01]} {[%emt 00:01:20]} 41.
Ke3 {[%clk 00:05:42]} {[%emt 00:00:16]} Kc7 {[%clk 00:44:53]} {[%emt 00:00:37]}
42. Nxd5+ {[%clk 00:05:50]} {[%emt 00:00:23]} Kc6 {[%clk 00:45:04]} {[%emt
00:00:15]} 43. Nb4+ {[%clk 00:06:07]} {[%emt 00:00:17]} Kb6 {[%clk 00:44:55]}
{[%emt 00:00:39]} 44. Ke4 {[%clk 00:06:20]} {[%emt 00:00:17]} Kc7 {[%clk
00:44:39]} {[%emt 00:00:46]} 45. Kd5 {[%clk 00:06:33]} {[%emt 00:00:17]} Kd7
{[%clk 00:44:29]} {[%emt 00:00:40]} 46. b3 {[%clk 00:06:32]} {[%emt 00:00:31]}
Bf8 {[%clk 00:44:41]} {[%emt 00:00:16]} 47. a4 {[%clk 00:06:13]} {[%emt
00:00:50]} bxa4 {[%clk 00:45:01]} {[%emt 00:00:09]} 48. bxa4 {[%clk 00:06:36]}
{[%emt 00:00:08]} Kc7 {[%emt 00:00:37]} 49. a5 {[%clk 00:06:42]} {[%emt
00:00:21]} Be7 {[%emt 00:00:51]} 50. Nc6 {[%clk 00:06:43]} Bf8 {[%clk
00:45:04]} {[%emt 00:00:30]} 51. a6 {[%clk 00:07:02]} {[%emt 00:00:12]} Kb6
{[%clk 00:45:17]} {[%emt 00:00:16]} 52. a7 {[%clk 00:07:29]} {[%emt 00:00:05]}
Kb7 {[%clk 00:45:34]} {[%emt 00:00:09]} 53. Ke6 {[%clk 00:07:46]} {[%emt
00:00:18]} 1-0

[Event "DVM U12 2024"]
[Site "Heidelberg GER"]
[Date "2024.12.27"]
[Round "1"]
[White "Ramayanam, Nithya"]
[Black "Völpel, Alexander"]
[Result "0-1"]
[Termination "normal"]
[Board "4.4"]
[WhiteElo "1555"]
[BlackElo "1628"]
[WhiteClock "00:58:28"]
[BlackClock "00:15:05"]
[WhiteTeam "SC Erlangen 48/88"]
[BlackTeam "SV Werder Bremen"]
[PlyCount "80"]
[WhiteFideId "533004250"]
[BlackFideId "34603131"]
[EventCountry "GER"]
[EventRounds "7"]
[EventType "team-swiss"]
[EventDate "2024.12.26"]

1. e4 {[%clk 01:30:57]} {[%emt 00:00:02]} e5 {[%clk 01:30:57]} {[%emt
00:00:04]} 2. Nf3 {[%clk 01:31:19]} {[%emt 00:00:08]} Nc6 {[%clk 01:31:22]}
{[%emt 00:00:05]} 3. Bc4 {[%clk 01:31:39]} {[%emt 00:00:10]} Bc5 {[%clk
01:31:46]} {[%emt 00:00:05]} 4. c3 {[%clk 01:32:02]} {[%emt 00:00:07]} Nf6
{[%clk 01:32:10]} {[%emt 00:00:07]} 5. d3 {[%clk 01:32:24]} {[%emt 00:00:07]}
h6 {[%clk 01:32:14]} {[%emt 00:00:26]} 6. Nbd2 {[%clk 01:32:12]} {[%emt
00:00:40]} d6 {[%clk 01:32:38]} {[%emt 00:00:09]} 7. O-O {[%clk 01:31:57]}
{[%emt 00:00:44]} Bg4 {[%clk 01:31:27]} {[%emt 00:01:41]} 8. a3 {[%clk
01:31:07]} {[%emt 00:01:21]} a5 {[%clk 01:29:35]} {[%emt 00:02:22]} 9. Qb3
{[%clk 01:29:29]} {[%emt 00:02:08]} O-O {[%clk 01:27:04]} {[%emt 00:03:00]} 10.
Qxb7 {[%emt 00:02:19]} Bb6 {[%clk 00:57:23]} {[%emt 00:30:08]} 11. Nb1 {[%clk
01:21:41]} {[%emt 00:06:31]} Ra7 {[%clk 00:55:13]} {[%emt 00:02:41]} 12. Qxc6
{[%clk 01:21:00]} {[%emt 00:01:10]} Bd7 {[%clk 00:55:34]} {[%emt 00:00:09]} 13.
Qxd7 {[%clk 01:20:01]} {[%emt 00:01:29]} Qxd7 {[%clk 00:55:55]} {[%emt
00:00:10]} 14. Be3 {[%clk 01:18:42]} {[%emt 00:01:49]} Re8 {[%clk 00:51:53]}
{[%emt 00:04:32]} 15. Nbd2 {[%clk 01:18:27]} {[%emt 00:00:44]} d5 {[%clk
00:51:48]} {[%emt 00:00:34]} 16. exd5 {[%clk 01:16:54]} {[%emt 00:02:04]} Nxd5
{[%clk 00:52:10]} {[%emt 00:00:08]} 17. Bxb6 {[%clk 01:14:05]} {[%emt
00:03:19]} cxb6 {[%clk 00:50:37]} {[%emt 00:02:04]} 18. d4 {[%clk 01:12:50]}
{[%emt 00:01:45]} exd4 {[%clk 00:49:42]} {[%emt 00:01:25]} 19. cxd4 {[%clk
01:12:47]} {[%emt 00:00:33]} f6 {[%clk 00:37:12]} {[%emt 00:13:01]} 20. a4
{[%clk 01:11:33]} {[%emt 00:01:44]} Re7 {[%clk 00:34:44]} {[%emt 00:02:58]} 21.
Rfe1 {[%clk 01:10:59]} {[%emt 00:01:03]} Rxe1+ {[%clk 00:32:40]} {[%emt
00:02:34]} 22. Nxe1 {[%clk 01:09:26]} {[%emt 00:02:03]} Kh8 {[%clk 00:32:37]}
{[%emt 00:00:32]} 23. Nef3 {[%clk 01:08:20]} {[%emt 00:01:37]} Nb4 {[%clk
00:29:57]} {[%emt 00:03:09]} 24. Nh4 {[%clk 01:06:48]} {[%emt 00:02:00]} g5
{[%clk 00:26:54]} {[%emt 00:03:36]} 25. Nhf3 {[%clk 01:05:39]} {[%emt
00:01:27]} Nc2 {[%clk 00:24:35]} {[%emt 00:03:00]} 26. Rc1 {[%clk 01:05:41]}
{[%emt 00:00:29]} Nxd4 {[%clk 00:24:35]} {[%emt 00:00:31]} 27. Rd1 {[%clk
01:04:34]} {[%emt 00:01:30]} Nxf3+ {[%clk 00:24:39]} {[%emt 00:00:32]} 28. gxf3
{[%clk 01:04:51]} {[%emt 00:00:13]} g4 {[%clk 00:23:55]} {[%emt 00:01:14]} 29.
Bb3 {[%clk 01:04:31]} {[%emt 00:00:48]} Qg7 {[%clk 00:21:43]} {[%emt 00:02:43]}
30. Kh1 {[%clk 01:04:41]} {[%emt 00:00:21]} Rd7 {[%clk 00:19:48]} {[%emt
00:02:25]} 31. Be6 {[%clk 01:02:55]} {[%emt 00:02:14]} Rd4 {[%clk 00:19:25]}
{[%emt 00:00:50]} 32. Bxg4 {[%clk 01:01:41]} {[%emt 00:01:50]} Qg8 {[%clk
00:15:59]} {[%emt 00:03:56]} 33. h3 {[%clk 01:00:46]} {[%emt 00:01:20]} Qd5
{[%clk 00:13:45]} {[%emt 00:02:44]} 34. Kh2 {[%clk 00:57:56]} {[%emt 00:03:25]}
Rxd2 {[%clk 00:13:50]} {[%emt 00:00:25]} 35. Rxd2 {[%clk 00:58:19]} {[%emt
00:00:07]} Qxd2 {[%clk 00:14:16]} {[%emt 00:00:05]} 36. Kg3 {[%clk 00:57:28]}
{[%emt 00:01:21]} Qxb2 {[%clk 00:14:34]} {[%emt 00:00:11]} 37. Kh4 {[%clk
00:57:46]} {[%emt 00:00:12]} Qxf2+ {[%clk 00:14:22]} {[%emt 00:00:42]} 38. Kh5
{[%clk 00:58:10]} {[%emt 00:00:06]} Kg7 {[%clk 00:14:24]} {[%emt 00:00:23]} 39.
h4 {[%clk 00:58:04]} {[%emt 00:00:41]} Qc5+ {[%clk 00:14:43]} {[%emt 00:00:11]}
40. Bf5 {[%clk 00:58:28]} {[%emt 00:00:06]} Qxf5# {[%clk 00:15:05]} {[%emt
00:00:07]} 0-1